<?xml version="1.0" encoding="UTF-8"?>
<record
    xmlns:xsi="http://www.w3.org/2001/XMLSchema-instance"
    xsi:schemaLocation="http://www.loc.gov/MARC21/slim http://www.loc.gov/standards/marcxml/schema/MARC21slim.xsd"
    xmlns="http://www.loc.gov/MARC21/slim">

  <leader>02232nam a22002537a 4500</leader>
  <controlfield tag="001">00541</controlfield>
  <controlfield tag="003">DO-SdBNP</controlfield>
  <controlfield tag="005">20160601130142.0</controlfield>
  <controlfield tag="007">00541</controlfield>
  <controlfield tag="008">160531b 2009 dr |||| 00| 0 spa d</controlfield>
  <datafield tag="040" ind1=" " ind2=" ">
    <subfield code="6">BPMSU</subfield>
    <subfield code="8"> spa</subfield>
    <subfield code="a">BPMSU</subfield>
    <subfield code="c">drc</subfield>
  </datafield>
  <datafield tag="245" ind1=" " ind2=" ">
    <subfield code="a">Gu&#xED;a de encuentros de los grupos de gestantes / </subfield>
    <subfield code="c">coordinador Jos&#xE9; Navarro ; ilustraci&#xF3;n Marcia Camejo </subfield>
  </datafield>
  <datafield tag="260" ind1=" " ind2=" ">
    <subfield code="a">Santo Domingo : </subfield>
    <subfield code="b">Pastoral Materno Infantil, </subfield>
    <subfield code="c">2009</subfield>
  </datafield>
  <datafield tag="300" ind1=" " ind2=" ">
    <subfield code="a">3 v.:</subfield>
    <subfield code="b">il. ;</subfield>
    <subfield code="c">28 cm. </subfield>
  </datafield>
  <datafield tag="500" ind1=" " ind2=" ">
    <subfield code="a">Contiene anexos </subfield>
  </datafield>
  <datafield tag="505" ind1=" " ind2=" ">
    <subfield code="t">&#xBF;Qu&#xE9; son los grupos de gestantes? --</subfield>
    <subfield code="t">Esquema de encuentros de gestantes --</subfield>
    <subfield code="t">Primer encuentro : Juntas en un tiempo muy especial -- </subfield>
    <subfield code="t">Segundo encuentro : Cuidando dos tesoros -- </subfield>
    <subfield code="t">Tercer encuentro : Una vida dentro de mi --</subfield>
    <subfield code="t">Cuarto encuentro : Alimentaci&#xF3;n de las gestante -- </subfield>
    <subfield code="t">Quinto encuentro : La familia gestante --</subfield>
    <subfield code="t">Sexto encuentro : Lactando con amor  --</subfield>
    <subfield code="t">S&#xE9;ptimo encuentro : Preparando el parto --</subfield>
    <subfield code="t">Octavo encuentro : Los derechos de la madre y el beb&#xE9; -- </subfield>
    <subfield code="t">Noveno encuentro : Un proyecto para mi beb&#xE9; --</subfield>
    <subfield code="t">D&#xE9;cimo encuentro : Cuidando al reci&#xE9;n nacido -- </subfield>
  </datafield>
  <datafield tag="505" ind1=" " ind2=" ">
    <subfield code="t">&#xBF;Qu&#xE9; son los grupos se gestantes?--</subfield>
    <subfield code="t">Esquema de encuentros de gestantes --</subfield>
    <subfield code="t">Primer encuentro : Juntas en un tiempo muy especial -- </subfield>
    <subfield code="t">Segundo encuentro : Cuidando dos tesoros -- </subfield>
    <subfield code="t">Tercer encuentro : Una vida dentro de mi --</subfield>
    <subfield code="t">Cuarto encuentro : Alimentaci&#xF3;n de las gestante -- </subfield>
    <subfield code="t">Quinto encuentro : La familia gestante --</subfield>
    <subfield code="t">Sexto encuentro : Lactando con amor  --</subfield>
    <subfield code="t">S&#xE9;ptimo encuentro : Preparando el parto --</subfield>
    <subfield code="t">Octavo encuentro : Los derechos de la madre y el beb&#xE9; -- </subfield>
    <subfield code="t">Noveno encuentro : Un proyecto para mi beb&#xE9; --</subfield>
    <subfield code="t">D&#xE9;cimo encuentro : Cuidando al reci&#xE9;n nacido -- </subfield>
  </datafield>
  <datafield tag="505" ind1=" " ind2=" ">
    <subfield code="t">Otros anexos : Cuaderno de acompa&#xF1;amiento de ni&#xF1;os, ni&#xF1;as y gestantes --</subfield>
    <subfield code="t">Cuaderno de la gestante --</subfield>
    <subfield code="t">Gu&#xED;a de evaluaci&#xF3;n del crecimiento infantil y consejos nutricionales --</subfield>
    <subfield code="t">Gr&#xE1;fica peso / edad/ ni&#xF1;os 0-2 a&#xF1;os  (2 ejs) --</subfield>
    <subfield code="t">Misi&#xF3;n y m&#xE9;todo de la Pastoral Materno Infantil --</subfield>
    <subfield code="t">Orientaciones para actividades comunitarias.</subfield>
    <subfield code="a"> </subfield>
  </datafield>
  <datafield tag="700" ind1=" " ind2=" ">
    <subfield code="a">Navarro, Jos&#xE9; </subfield>
    <subfield code="e">coord. </subfield>
  </datafield>
  <datafield tag="700" ind1=" " ind2=" ">
    <subfield code="a">Camejo, Marcia  </subfield>
    <subfield code="e">il. </subfield>
  </datafield>
  <datafield tag="710" ind1=" " ind2=" ">
    <subfield code="a">Pastoral Materno Infantil </subfield>
    <subfield code="b">(Rep&#xFA;blica Dominicana)</subfield>
  </datafield>
  <datafield tag="942" ind1=" " ind2=" ">
    <subfield code="2">ddc</subfield>
    <subfield code="c">BK</subfield>
  </datafield>
  <datafield tag="952" ind1=" " ind2=" ">
    <subfield code="0">0</subfield>
    <subfield code="1">0</subfield>
    <subfield code="2">ddc</subfield>
    <subfield code="4">0</subfield>
    <subfield code="7">0</subfield>
    <subfield code="8">DOM</subfield>
    <subfield code="a">BPMET</subfield>
    <subfield code="b">BPMET</subfield>
    <subfield code="d">2016-05-31</subfield>
    <subfield code="e">Donaci&#xF3;n</subfield>
    <subfield code="l">0</subfield>
    <subfield code="p">BPMET16050472</subfield>
    <subfield code="r">2016-05-31</subfield>
    <subfield code="w">2016-05-31</subfield>
    <subfield code="y">BK</subfield>
  </datafield>
  <datafield tag="952" ind1=" " ind2=" ">
    <subfield code="0">0</subfield>
    <subfield code="1">0</subfield>
    <subfield code="2">ddc</subfield>
    <subfield code="4">0</subfield>
    <subfield code="7">0</subfield>
    <subfield code="8">DOM</subfield>
    <subfield code="a">BPMET</subfield>
    <subfield code="b">BPMET</subfield>
    <subfield code="d">2016-05-31</subfield>
    <subfield code="e">Donaci&#xF3;n</subfield>
    <subfield code="l">0</subfield>
    <subfield code="p">BPMET16050473</subfield>
    <subfield code="r">2016-05-31</subfield>
    <subfield code="t">ej. 2</subfield>
    <subfield code="w">2016-05-31</subfield>
    <subfield code="y">BK</subfield>
  </datafield>
  <datafield tag="952" ind1=" " ind2=" ">
    <subfield code="0">0</subfield>
    <subfield code="1">0</subfield>
    <subfield code="2">ddc</subfield>
    <subfield code="4">0</subfield>
    <subfield code="7">0</subfield>
    <subfield code="8">DOM</subfield>
    <subfield code="a">BPMET</subfield>
    <subfield code="b">BPMET</subfield>
    <subfield code="d">2016-05-31</subfield>
    <subfield code="e">Donaci&#xF3;n</subfield>
    <subfield code="l">0</subfield>
    <subfield code="p">BPMET16050474</subfield>
    <subfield code="r">2016-05-31</subfield>
    <subfield code="t">ej. 3</subfield>
    <subfield code="w">2016-05-31</subfield>
    <subfield code="y">BK</subfield>
  </datafield>
  <datafield tag="956" ind1=" " ind2=" ">
    <subfield code="a">VMATEO</subfield>
    <subfield code="b">10</subfield>
    <subfield code="c">20160431</subfield>
    <subfield code="d">BPMSU</subfield>
    <subfield code="f">00069</subfield>
  </datafield>
  <datafield tag="999" ind1=" " ind2=" ">
    <subfield code="c">10241</subfield>
    <subfield code="d">10241</subfield>
  </datafield>
</record>
